00361 a2200157 4500003000400000005001700004008004100021020001800062040000900080082002000089100000900109245002200118250001200140260004200152300000900194OSt20231202112218.0231202b |||||||| |||| 00| 0 eng d a9789390865956 coclc a894.8123bYAM/P aYama aPipeelika /cYama a3rd ed. aKozhikode:bMathrubhumi Books,c2021. a64p.